000
00299nam a22001337a 4500
008
181011b xxu||||| |||| 00| 0 eng d
020
_a
9780070523951
041
_a
eng
080
_a
621
100
_a
27
101
_a
MEK
245
_a
Practical Electrical Wiring
_c
Richter, H.P
942
_2
udc
_c
BK
999
_c
49447
_d
49447